01279nam a2200325Ia 4500001001200000003000800012006001900020007001500039008004100054020001800095020001800113040002100131035002100152050002600173082001700199245012200216260005500338300002400393490005900417504005100476533015200527650001300679650003000692655002900722700002600751700001800777710001700795856012600812999001500938ebr10704556CaPaEBRm o u cr cn|||||||||111102s2012 nyua sb 001 0 eng d z9781621004318 z9781621004912 aCaPaEBRcCaPaEBR a(OCoLC)84992083414aRM666.H28bH47 2012eb04a615.7/1822300aHeparinh[electronic resource] :bproperties, uses and side effects /cDavid E. Piyathilake and Rhong Liang, editors. aHauppauge, NY :bNova Science Publisher's,cc2012. axii, 332 p. :bill.0 aPharmacology - research, safety testing and regulation aIncludes bibliographical references and index. aElectronic reproduction.bPalo Alto, Calif. :cebrary,d2013.nAvailable via World Wide Web.nAccess may be limited to ebrary affiliated libraries. 0aHeparin. 0aAnticoagulants (Medicine) 7aElectronic books.2local1 aPiyathilake, David E.1 aLiang, Rhong.2 aebrary, Inc.40uhttp://site.ebrary.com/lib/rucke/Doc?id=10704556zAn electronic book accessible through the World Wide Web; click to view c5632d5632